MDQL
is popping MORE tags! Check the
thread
!
Quizzes
Events
Quiz Creation
Community
Videos
Private Events
Remove Ads
Sign In
Join for FREE
Feedback
Dark Mode
Quiz Categories
Sports
Geography
Music
Movies
Television
Just For Fun
Miscellaneous
History
Literature
Language
Science
Gaming
Entertainment
Religion
Holiday
For Kids
Quiz Lab
Recent
Popular Today
Quiz Kudos Today
Editor Picks
Curator Picks
Quizzes by...
Day
Popularity
Type
Ratings
Length
Year
Community
Subscriptions
Recent Discussions
Orange Saloon
Badges
Playlists
Quests
Create
Leaderboards
Showdown
Live 5
Trivia Bingo
Activity
Puzzle Library
Sporcle Events
Private Events
Virtual Trivia
Globe League
Become a Host
Pub Owners
SporcleCon
Opinionation
Our Games
Videos
Blog
Mobile Apps
Partnerships
Remove Ads and Go Orange
Feedback
Geography
Country
Landmarks
City
State
Population
World
Capital
Continent
Flags
Europe
Africa
Asia
South America
North America
Oceania
Border
Canada
United Kingdom
Topography
United States
Geography
Country
Landmarks
City
State
Population
World
Capital
Continent
Flags
Europe
Africa
Asia
South America
North America
Oceania
Border
Canada
United Kingdom
Topography
United States
Random Quiz
Search Sporcle
×
Quiz Lab
Quiz Lab
Geography
United States
Type in answers that appear in a list
Type in answers that appear in a list
Classic
Best Score? Go Orange.
Most Common Job in Each State Stats
Can you name the most common job in each state?
By
apchilds
5m
51 Questions
209 Plays
209 Plays
209 Plays
Comments
Comments
Give Quiz Kudos
Give Quiz Kudos
-
- Ratings
hide this ad
More Info
Replay
Link that replays current quiz
Next Quiz
Link to next quiz in quiz playlist
You Got
0%
They Got
Avg Score
58%
Avg Friend Score
Upgrade to see
Score Distribution
Jump to the score distribution portion of the page
Score
0/51
Timer
05:00
0
Plays Today
State
Job
% Correct
Alaska
primary school teacher
77.8%
Connecticut
primary school teacher
77.8%
Florida
primary school teacher
77.8%
Massachusetts
primary school teacher
77.8%
Rhode Island
primary school teacher
77.8%
West Virginia
primary school teacher
77.8%
North Dakota
farm manager
66.2%
South Dakota
farm manager
66.2%
Nevada
retail sales clerk
65.7%
Alabama
truck driver
62.8%
Arkansas
truck driver
62.8%
California
truck driver
62.8%
Georgia
truck driver
62.8%
Idaho
truck driver
62.8%
Illinois
truck driver
62.8%
Indiana
truck driver
62.8%
Iowa
truck driver
62.8%
Kansas
truck driver
62.8%
Kentucky
truck driver
62.8%
Louisiana
truck driver
62.8%
Maine
truck driver
62.8%
Michigan
truck driver
62.8%
Minnesota
truck driver
62.8%
Mississippi
truck driver
62.8%
Missouri
truck driver
62.8%
Montana
truck driver
62.8%
State
Job
% Correct
Nebraska
truck driver
62.8%
North Carolina
truck driver
62.8%
Ohio
truck driver
62.8%
Oklahoma
truck driver
62.8%
Oregon
truck driver
62.8%
Pennsylvania
truck driver
62.8%
South Carolina
truck driver
62.8%
Tennessee
truck driver
62.8%
Texas
truck driver
62.8%
Vermont
truck driver
62.8%
Wisconsin
truck driver
62.8%
Wyoming
truck driver
62.8%
New York
nursing aide
53.1%
Hawaii
cook
50.2%
District of Columbia
lawyer
49.3%
Delaware
secretary
37.7%
Maryland
secretary
37.7%
New Hampshire
secretary
37.7%
New Jersey
secretary
37.7%
New Mexico
secretary
37.7%
Colorado
computer software developer
32.4%
Utah
computer software developer
32.4%
Virginia
computer software developer
32.4%
Washington
computer software developer
32.4%
Arizona
customer service representative
22.7%
Quiz Playlist
Details
Report
Send in Message
Add To Playlist
More Info:
Per 2014 data from the US Census Bureau, what is the most common job classification in each state?
Classic:
Type in answers that appear in a list
Quiz Source
Last Updated: Feb 16, 2017
Quiz Scoreboard
CHALLENGE
Sign Up to Join the Scoreboard
Show All
Scores
Hide
Comments
May contain spoilers
Recently Published
Find the 'City' Movie
by crazypaving
Movies
60s
5x2 Blitz: Bands
by SL_Kpop136
Music
30s
Colored Red Africa Blitz
by spor1
Geography
30s
More to Explore
Quiz From the Vault
Featured Blog Post
14 Easter Pick-up Lines to Find Eggs With
hide this ad
You Might Also Like...
Tags
United States Quiz
Job Title
US Popular
Today's Top Quizzes in Geography
Browse Geography
hide this ad
Today's Top Quizzes in United States
Browse United States
Top Contributed Quizzes in Geography
1
Countries of the World - No Outlines Minefield
2
Colored Red Europe Blitz I
3
Colored Red Africa Blitz II
4
Colored Red Europe Blitz II
5
Colored Red Africa Blitz III
6
Colored Red Europe Blitz III
7
Colored Red States Blitz I
8
African Flag Reveal XLVI
9
Colored Red States Blitz II
10
Colored Red States Blitz III
Explore More
Trending Topics
Marvel
Harry Potter
Kpop
Anime
Crossword
Disney
NBA
The Office
Pokémon
NFL
Country
Song
Puzzle
WWE
Soccer
hide this ad
More By:
apchilds
Quiz
Plays
Rating
Category
Featured
Created
10 Largest European Countries in Order
893,606
2.85
Geography
Aug 9, 2014
Tennis Player Nationalities
4,790
4.25
Sports
May 27, 2012
Where does food porn come from?
1,905
3.94
Just For Fun
Jul 17, 2015
US States by Population of Largest City
969
4.54
Geography
Sep 8, 2013
Countries never colonized by Europe
573
4.60
Geography
Jun 26, 2014
Go to Creator's Profile
Score Distribution
Quiz Creator Spotlight
apchilds
Follow
Send a Message
Quizzes Created
-
Created Quiz Play Count
-
More By This Creator
Popular Quizzes Today
1
Colored Red Africa Blitz
2
Find the 'City' Movie
3
Find the US States - No Outlines Minefield
4
5x2 Blitz: Bands
5
The Countries of the World
6
Find the US States
7
Find the Countries of Europe - No Outlines Minefield
8
US States
More Geography Quizzes
Southernmost Countries (A-Z)
Published
Trending Quizzes
Colored Red Europe Blitz I
Colored Red Europe Blitz II
Colored Red Africa Blitz II
Colored Red Europe Blitz III
Colored Red Africa Blitz III
Recently Updated
How Do You Spell That?
pecheneg
Godzilla Movies
pecheneg
Grab Bag: 4-10 Letters
pecheneg
2024 March Madness Bracket
pecheneg
Famous TV Couples
Peacemaker
Champions League XIs: Real Madrid
pecheneg
Largest US Cities 1790-2010
pecheneg
Rides in Walt Disney World
pecheneg
Most Oscar Losses (Acting)
pecheneg
Beyoncé Albums
pecheneg
Trending Topics
Kpop
Crossword
Disney
Anime
Harry Potter
Marvel
NBA
Puzzle
WWE
Song
Country
Pokémon
NFL
The Office
Soccer
Your Account Isn't Verified!
In order to create a playlist on Sporcle, you need to verify the email address you used during registration. Go to your
Sporcle Settings
to finish the process.
Report this User
Report this user for behavior that violates our
Community Guidelines
.
Details:
Send Report
Go to the Sporcle.com Mobile Site →
Comments